LEADER 01451nam a2200337 u 4500 001 000000014965 003 CaOOAMICUS 005 20070226105827.0 008 941214s1993 nyub u000 u eng u 020 $a0-385-14483-0 035 $a10351643 040 $aPUL$bita 130 0 $aBiblia.$pV.T.$pZacharias.$nIX-XIV.$lInglese.$f1993.$0(OLS)http://pul/title/21466 245 10$aZechariah 9-14 :$ba new translation with introduction and commentary /$cCarol L. Meyers and Eric M. Meyers. 250 $a1st ed. 260 $aNew York :$bDoubleday,$c1993. 300 $axxiii, 552 p. :$bc. geogr. ;$c25 cm 490 1 $aThe Anchor Bible ;$v25C 500 $aComprende indici. 504 $aBibliografia: p. 60-84. 630 04$aBiblia.$pV.T.$pZacharias.$nIX-XIV$xCommenti.$0(OLS)http://pul/subject/9649 700 1 $aMeyers, Eric M.$0(OLS)http://pul/name/13813 700 1 $aMeyers, Carol L.$0(OLS)http://pul/name/13812 830 4$aThe Anchor Bible ;$v25C.$0(OLS)http://pul/title/18634 850 $aPUL 852 $aPUL$W1$xSL Religione 1$y3$m1(6) G 25C$j20960$nBK-PRI$b $qStampati$B20960$CPULBib$Z2$F20960 $H $81 941 1 $a8 961 $aINV: 87542 996 $6020$a0-385-14483-0$9(OLS)http://pul/number/18997 996 $6245$aZechariah 9-14 :$ba new translation with introduction and commentary$9(OLS)http://pul/title/21467 996 $6260$aNew York :$bDoubleday$9(OLS)http://pul/publisher/53872 LEADER 01251nam a2200313 u 4500 001 000000011954 003 CaOOAMICUS 005 20070226105501.0 008 941219s1977 fr f u000 u fre u 020 $a2204011622 :$c217F 035 $a10292283 040 $aPUL(R)$bita 041 1 $afre$alat 245 00$aRituel cathare /$cintroduction, texte critique, traduction et notes par Christine Thouzellier, ... 260 $aParis :$bCerf,$c1977. 300 $a344 p. (8 fold.), ix plates ;$c20 cm 490 1 $aSources chrétiennes ;$v236 500 $aFrench or Latin. 504 $aBibliography: p. 299-326. 650 0$aAlbigenses.$2//eng$0(OLS)http://pul/subject/9028 700 1 $aThouzellier, Christine,$b1902-1982.$0(OLS)http://pul/name/2916 830 0$aSources chrétiennes ;$v236.$0(OLS)http://pul/title/45 850 $aPUL 852 $aPUL$W1$xSL Religione 2$y84$mTheol E3 236$j16857$nBK-PRI$b $qStampati altre collocazioni$B16857$CPULBib$Z2$F16857 $H $81 941 1 $a10 961 $aINV: 44673 996 $6020$a2204011622 :$c217F$9(OLS)http://pul/number/15271 996 $6245$aRituel cathare$9(OLS)http://pul/title/17306 996 $6260$aParis :$bCerf$9(OLS)http://pul/publisher/48238